| 000 | 00000nam 2200000zi 4500 |
| 001 | 9.940546 |
| 003 | CaOODSP |
| 005 | 20240723152602 |
| 006 | m o d f |
| 007 | cr cn||||||||| |
| 008 | 240712e201711##onc o f000 0 eng d |
| 040 | |aCaOODSP|beng|erda|cCaOODSP |
| 043 | |an-cn--- |
| 086 | 1 |aIN4-67/2017E-PDF |
| 245 | 00|aInternal audit report on supervision of life insurance non-conglomerate institutions. |
| 264 | 1|a[Ottawa] : |bOffice of the Superintendent of Financial Institutions Canada = Bureau du surintendant des institutions financières Canada, |cNovember 2017. |
| 300 | |a1 online resource (19 pages) |
| 336 | |atext|btxt|2rdacontent |
| 337 | |acomputer|bc|2rdamedia |
| 338 | |aonline resource|bcr|2rdacarrier |
| 500 | |aIssued also in French under title: Rapport d’audit interne sur la surveillance des sociétés d’assurance-vie hors conglomérat. |
| 610 | 20|aOffice of the Superintendent of Financial Institutions Canada|xAuditing. |
| 650 | 0|aLife insurance|zCanada|xAuditing. |
| 710 | 2 |aOffice of the Superintendent of Financial Institutions Canada, |eissuing body. |
| 775 | 08|tRapport d’audit interne sur la surveillance des sociétés d’assurance-vie hors conglomérat.|w(CaOODSP)9.940916 |
| 856 | 40|qPDF|s272 KB|uhttps://publications.gc.ca/collections/collection_2024/bsif-osfi/IN4-67-2017-eng.pdf |